Manchester United v Newcastle in EPL Quiz Stats

 Plays Quiz not verified by Sporcle

Score 0/57 Timer 06:00
0 Plays Today
% Correct
Wayne Rooney
93.8%
Alan Shearer
88.4%
Paul Scholes
87.1%
Andy Cole
83.2%
Andy Cole
83.2%
Ryan Giggs
81.6%
Cristiano Ronaldo
76.9%
Ruud van Nistelrooy
74.7%
Rio Ferdinand
74.7%
Les Ferdinand
74.3%
David Beckham
71.2%
Demba Ba
67.6%
Roy Keane
60.8%
Eric Cantona
58.9%
Ole Gunnar Solskjaer
53%
Philippe Albert
52.7%
Papiss Cisse
51.4%
Yohan Cabaye
46.6%
Robin van Persie
46%
David Ginola
45.8%
Patrice Evra
45.5%
Rob Lee
44.6%
Dimitar Berbatov
41.9%
Craig Bellamy
41.4%
Laurent Robert
40.7%
Shola Ameobi
40.2%
Phil Jones
40%
Javier Hernandez
36.9%
Wes Brown
36.4%
% Correct
Wes Brown
36.4%
Jermaine Jenas
34.4%
Carlos Tevez
34.3%
Nolberto Solano
33.3%
Louis Saha
33.1%
Darren Peacock
32.9%
Gary Pallister
32.2%
Juan Sebastian Veron
32%
Darren Fletcher
30.9%
Duncan Ferguson
28.4%
Paul Ince
28.3%
Obafemi Martins
28.1%
Keith Gillespie
26.3%
Jonny Evans
25.2%
Jonny Evans
24.4%
Ronny Johnsen
22.6%
Olivier Bernard
21.3%
James Milner
19.6%
Nikos Dabizas
18%
Tom Cleverley
17.8%
James Perch
17.2%
Henning Berg
17.1%
David Edgar
17%
Peter Lovenkrands
12.6%
Darren Ambrose
8.4%
Andreas Andersson
8.3%
Abdoulaye Faye
7.3%
Stephen Glass
6.6%

You're not logged in!

Compare scores with friends on all Sporcle quizzes.
OR
Log In

Show Comments

Extras

Top Quizzes Today


Score Distribution

Your Account Isn't Verified!

In order to create a playlist on Sporcle, you need to verify the email address you used during registration. Go to your Sporcle Settings to finish the process.

Report this User

Report this user for behavior that violates our Community Guidelines.

Details: